Detalles MARC
| 000 -CABECERA |
| campo de control de longitud fija |
01001nam a2200265 a 4500 |
| 001 - NÚMERO DE CONTROL |
| campo de control |
000047920 |
| 003 - IDENTIFICADOR DEL NÚMERO DE CONTROL |
| campo de control |
DO-SdBNP |
| 005 - FECHA Y HORA DE LA ÚLTIMA TRANSACCIÓN |
| campo de control |
20250416111946.0 |
| 008 - DATOS DE LONGITUD FIJA--INFORMACIÓN GENERAL |
| campo de control de longitud fija |
181004s1978 dr ac 000 spa d |
| 040 ## - FUENTE DE LA CATALOGACIÓN |
| Centro catalogador/agencia de origen |
DO-SdBNP |
| Lengua de catalogación |
spa |
| Centro/agencia transcriptor |
BNPHU |
| 041 17 - CÓDIGO DE LENGUA |
| Código de lengua del texto/banda sonora o título independiente |
spa |
| Código de lengua original |
eng |
| 082 ## - NÚMERO DE LA CLASIFICACIÓN DECIMAL DEWEY |
| Número de clasificación |
770.97293 |
| Número de documento/Ítem |
I314s |
| 100 1# - ENTRADA PRINCIPAL--NOMBRE DE PERSONA |
| Nombre de persona |
LaBrucherie, Roger A. |
| 9 (RLIN) |
75478 |
| 245 10 - MENCIÓN DE TÍTULO |
| Título |
Imágenes de Santo Domingo = |
| Resto del título |
a reminiscence of the Dominican Republic / |
| Mención de responsabilidad, etc. |
por Roger LaBrucherie; texto español con la colaboración de Mayra Castillo Espinosa. |
| 260 ## - PUBLICACIÓN, DISTRIBUCIÓN, ETC. |
| Lugar de publicación, distribución, etc. |
El Centro, California : |
| Nombre del editor, distribuidor, etc. |
LaBrucherie, |
| Fecha de publicación, distribución, etc. |
1978. |
| 300 ## - DESCRIPCIÓN FÍSICA |
| Extensión |
[112] p. : |
| Otras características físicas |
il., mapas ; |
| Dimensiones |
18 cm. |
| 546 ## - NOTA DE LENGUA/LENGUAJE |
| Nota de lengua/lenguaje |
Español e inglés |
| 590 ## - NOTA LOCAL (RLIN) |
| Nota local |
Inentariado, 2019/VM |
| 650 #0 - PUNTO DE ACCESO ADICIONAL DE MATERIA--TÉRMINO DE MATERIA |
| Término de materia o nombre geográfico como elemento de entrada |
Fotografía |
| 9 (RLIN) |
75479 |
| 650 #4 - PUNTO DE ACCESO ADICIONAL DE MATERIA--TÉRMINO DE MATERIA |
| Término de materia o nombre geográfico como elemento de entrada |
República dominicana |
| Subdivisión de forma |
OBRAS PICTÓRICAS |
| 9 (RLIN) |
75480 |
| 650 ## - PUNTO DE ACCESO ADICIONAL DE MATERIA--TÉRMINO DE MATERIA |
| Término de materia o nombre geográfico como elemento de entrada |
República dominicana |
| Subdivisión general |
Vida social y costumbres |
| Subdivisión de forma |
OBRAS PICTÓRICAS |
| 9 (RLIN) |
75481 |
| 700 1# - PUNTO DE ACCESO ADICIONAL--NOMBRE DE PERSONA |
| Nombre de persona |
Castillo Espinosa, Mayra. |
| 9 (RLIN) |
75482 |
| 740 0# - PUNTO DE ACCESO ADICIONAL--TÍTULO RELACIONADO O ANALÍTICO NO CONTROLADO |
| Título relacionado o analítico no controlado |
A reminiscence of the Dominican Republic |
| 942 ## - ELEMENTOS DE PUNTO DE ACCESO ADICIONAL (KOHA) |
| Fuente del sistema de clasificación o colocación |
Dewey Decimal Classification |
| Tipo de ítem Koha |
Libro |